[Event "Remote email"]
[Site "Remote email"]
[Date "2013.01.18"]
[Round "?"]
[White "Bohring, Andreas"]
[Black "Peisker, Roy"]
[Result "0-1"]
[WhiteElo "2009"]
[BlackElo "1986"]
[PlyCount "72"]
[EventDate "2013.??.??"]
[EventType "tourn (corr)"]
[EventRounds "6"]
[EventCountry "GER"]
[SourceTitle "Corr 2015"]
[Source "ChessBase"]
[SourceDate "2015.07.17"]
[SourceVersion "1"]
[SourceVersionDate "2015.07.17"]
[SourceQuality "1"]

1. d4 e6 2. d5 Bb4+ 3. c3 Ba5 4. e3 Nf6 5. dxe6 fxe6 6. Nf3 0-0 7. Bd3 c6 8. 0-0 b5 9. b4 Bb6 10. Nbd2 c5 11. bxc5 Bxc5 12. Bxb5 Qa5 13. Qb3 a6 14. Nc4 Qxb5 15. Rb1 Nd5 16. Qxb5 axb5 17. Rxb5 Ba6 18. Rxc5 Nxc3 19. Nb6 Ne4 20. Rc7 Bxf1 21. Nxa8 Bb5 22. Nd4 Bd3 23. a4 Rxf2 24. Rc8+ Kf7 25. h3 Bf1 26. Rc2 Rf6 27. a5 Bd3 28. Re2 Bxe2 29. Nxe2 Rf2 30. Nb6 Rxe2 31. Ba3 Nc6 32. a6 Ra2 33. Nc4 d5 34. Bc5 Nxc5 35. Nd6+ Ke7 36. Nc8+ Kd8 0-1